[Event "ICS rated blitz match"]
[Site "204.178.125.65"]
[Date "1999.07.30"]
[Round "?"]
[White "Hossa"]
[Black "R-172"]
[Result "1/2-1/2"]
[WhiteElo "2474"]
[BlackElo "2215"]
[PlyCount "24"]
[EventDate "1999.??.??"]

1. d4 Nf6 2. c4 e6 3. Nc3 d5 4. Bf4 c5 5. Bxb8 Rxb8 6. Qa4+ Bd7 7. Qxa7 Ra8 8.
Qxb7 Rb8 9. Qa7 Ra8 10. Qb7 Rb8 11. Qa7 Ra8 12. Qb7 12... Rb8 {
Game drawn by repetition} 1/2-1/2

[Event "ICS rated blitz match"]
[Site "204.178.125.65"]
[Date "1999.07.30"]
[Round "?"]
[White "Kob"]
[Black "Hossa"]
[Result "0-1"]
[WhiteElo "2300"]
[BlackElo "2464"]
[PlyCount "48"]
[EventDate "1999.??.??"]

1. e4 e5 2. Nf3 Nf6 3. Nc3 Bb4 4. Bb5 c6 5. Bd3 Qe7 6. O-O d5 7. exd5 cxd5 8.
Nxe5 Qxe5 9. Re1 Bxc3 10. Rxe5+ Bxe5 11. Qe2 Nc6 12. f4 Bg4 13. Qe1 O-O 14.
fxe5 Rae8 15. Bb5 Rxe5 16. Qf1 Rfe8 17. Bxc6 bxc6 18. h3 Re1 19. hxg4 Nxg4 20.
d3 R8e2 21. Bf4 Rxf1+ 22. Kxf1 Rf2+ 23. Kg1 Rxf4 24. Re1 24... Kf8 {Kob resigns
} 0-1

[Event "ICS rated blitz match"]
[Site "204.178.125.65"]
[Date "1999.07.31"]
[Round "?"]
[White "Hossa"]
[Black "Kob"]
[Result "1-0"]
[WhiteElo "2469"]
[BlackElo "2266"]
[PlyCount "123"]
[EventDate "1999.??.??"]

1. d4 Nf6 2. c4 c5 3. d5 a6 4. Nc3 b5 5. Bg5 b4 6. Bxf6 exf6 7. Na4 d6 8. a3 a5
9. e3 g6 10. Bd3 Bg7 11. Ne2 O-O 12. O-O f5 13. Nf4 Nd7 14. axb4 axb4 15. Qf3
Ne5 16. Qe2 Bd7 17. Bc2 Qa5 18. Ra2 b3 19. Bxb3 Qb4 20. Qd1 Rfb8 21. Bc2 Nxc4
22. b3 Nb2 23. Rxb2 Bxa4 24. Ra2 Bd7 25. Nd3 Qc3 26. Nc1 Bb5 27. Rxa8 Rxa8 28.
Bd3 Bxd3 29. Nxd3 Ra3 30. Nc1 Ra1 31. h3 Qb4 32. Qe2 Qa3 33. Qd2 Bb2 34. Nd3
Rxf1+ 35. Kxf1 Qa1+ 36. Qe1 Qxe1+ 37. Kxe1 Bc3+ 38. Kd1 Kg7 39. Kc2 Ba5 40. b4
cxb4 41. Kb3 Kf6 42. Ka4 Bb6 43. Kxb4 Ke7 44. g3 g5 45. Kb5 Ba7 46. h4 h6 47.
Ka6 Bb8 48. Kb7 f4 49. exf4 gxf4 50. Nxf4 Kf6 51. Kxb8 Ke5 52. Kc7 Ke4 53. Kxd6
Kf3 54. Ke5 Kxf2 55. Nh5 f6+ 56. Kf5 Ke3 57. d6 Kd4 58. d7 Ke3 59. d8=Q Kf3 60.
Qd3+ Kf2 61. Nf4 Ke1 62. Qe2# {Kob checkmated} 1-0

[Event "ICS rated blitz match"]
[Site "204.178.125.65"]
[Date "1999.07.31"]
[Round "?"]
[White "Kob"]
[Black "Hossa"]
[Result "1/2-1/2"]
[WhiteElo "2258"]
[BlackElo "2477"]
[PlyCount "84"]
[EventDate "1999.??.??"]

1. e4 e5 2. b3 Nf6 3. d3 d5 4. exd5 Nxd5 5. Bb2 Nc6 6. Nf3 Bg4 7. Be2 Nf4 8.
O-O f6 9. h3 Nxh3+ 10. gxh3 Bxh3 11. Nh2 Bxf1 12. Qxf1 Nb4 13. Bd1 Qd7 14. a3
Nc6 15. Qg2 O-O-O 16. Nc3 Nd4 17. Ne2 Nxe2+ 18. Bxe2 Qd6 19. b4 Kb8 20. Rd1 Qe6
21. Nf3 Qa2 22. Bc1 Qxc2 23. Qf1 Be7 24. Be3 Qa4 25. d4 e4 26. Nd2 f5 27. Nc4
Bf6 28. d5 Be7 29. Bf4 g5 30. Be5 Rhf8 31. d6 cxd6 32. Nxd6 Ka8 33. Nb5 a6 34.
Nc7+ Ka7 35. Ne6 Rxd1 36. Bxd1 Qxa3 37. Nxf8 Bxf8 38. Bd4+ Kb8 39. Be5+ Ka7 40.
Bd4+ Kb8 41. Be5+ Ka7 42. Bd4+ 42... Kb8 {Game drawn by repetition} 1/2-1/2

[Event "ICS rated blitz match"]
[Site "204.178.125.65"]
[Date "1999.07.31"]
[Round "?"]
[White "Hossa"]
[Black "Secret"]
[Result "0-1"]
[WhiteElo "2468"]
[BlackElo "2450"]
[PlyCount "79"]
[EventDate "1999.??.??"]

1. d4 d5 2. c4 e6 3. Nc3 c6 4. e4 dxe4 5. Nxe4 Bb4+ 6. Bd2 Qxd4 7. Bxb4 Qxe4+
8. Ne2 Na6 9. Bf8 Ne7 10. Bxg7 Rg8 11. Qd4 Qxd4 12. Bxd4 c5 13. Bc3 Nb4 14.
Bxb4 cxb4 15. Ng3 Ng6 16. O-O-O b6 17. Ne4 Ke7 18. Ng5 Nf4 19. Nxh7 Rg7 20. Rd4
e5 21. Re4 f6 22. Re3 Rxh7 23. g3 Bb7 24. f3 Ne6 25. Bd3 Rhh8 26. b3 Nc5 27. h4
Rag8 28. Rh3 Nxd3+ 29. Rxd3 Bc8 30. g4 f5 31. g5 Rxg5 32. hxg5 Rxh3 33. Kd2
Rh2+ 34. Ke1 Rxa2 35. Rd5 Ke6 36. Kf1 Bb7 37. Rd3 Rh2 38. Re3 f4 39. Rd3 Kf5
40. Kg1 {Hossa resigns} 0-1

[Event "ICS rated blitz match"]
[Site "204.178.125.65"]
[Date "1999.07.31"]
[Round "?"]
[White "Secret"]
[Black "Hossa"]
[Result "1-0"]
[WhiteElo "2467"]
[BlackElo "2451"]
[PlyCount "127"]
[EventDate "1999.??.??"]

1. e4 e5 2. Nf3 Nf6 3. d4 exd4 4. e5 Ne4 5. Qxd4 f5 6. exf6 Nxf6 7. Nc3 Nc6 8.
Qd3 Nb4 9. Qe2+ Be7 10. Bg5 O-O 11. O-O-O b6 12. a3 Nc6 13. Qd2 Rb8 14. Bb5 a6
15. Ba4 b5 16. Bb3+ Kh8 17. Rhe1 b4 18. axb4 Bxb4 19. Bh4 Na5 20. Ba2 Bb7 21.
Ng5 Bxg2 22. Nf7+ Rxf7 23. Bxf7 Qf8 24. Bxf6 Qxf7 25. Bd4 Bf3 26. Ba7 Rd8 27.
Qg5 Nc6 28. Rd3 Bd6 29. Qh4 Kg8 30. Kb1 Rf8 31. Be3 Ne5 32. Rd4 Ng6 33. Qh3 Re8
34. b3 Re5 35. Qf1 Re7 36. Qxa6 Bxh2 37. Qc4 Re6 38. Kc1 Be5 39. Rd2 Bxc3 40.
Qxc3 Rc6 41. Qd3 Ne5 42. Qb5 Qe6 43. Qb8+ Kf7 44. Kb2 Bg4 45. Rd4 Nf3 46. Rf4+
Kg6 47. Rc1 Qe5+ 48. c3 h5 49. Qb4 Ng5 50. Rxg4 hxg4 51. Qxg4 Rf6 52. Rh1 Kf7
53. Rh5 Qd6 54. Rxg5 g6 55. Qc4+ Re6 56. Rd5 Qc6 57. Rc5 Qg2 58. Rxc7 Ke8 59.
Qd4 Re7 60. Qf6 Qc6 61. Rxc6 dxc6 62. Qxc6+ Kf7 63. Bg5 Re2+ 64. Ka3 {
Hossa resigns} 1-0

[Event "ICS rated blitz match"]
[Site "204.178.125.65"]
[Date "1999.07.31"]
[Round "?"]
[White "Hossa"]
[Black "Secret"]
[Result "0-1"]
[WhiteElo "2436"]
[BlackElo "2482"]
[PlyCount "146"]
[EventDate "1999.??.??"]

1. d4 d5 2. c4 dxc4 3. e4 Nf6 4. e5 Nd5 5. Bxc4 Nb6 6. Bd3 Nc6 7. Be3 Be6 8.
Ne2 Bc4 9. Bxc4 Nxc4 10. Qb3 N4a5 11. Qa4 e6 12. O-O a6 13. Bd2 b5 14. Qc2 Qd7
15. Bxa5 Nxa5 16. Rc1 Rc8 17. Qc3 Nc4 18. b3 Nb6 19. Qa5 Qd5 20. Nd2 Qb7 21. a4
b4 22. Nf4 Rd8 23. Nf3 c6 24. Kh1 Be7 25. Nd3 Nd7 26. Rc4 Nb6 27. Nc5 Nxc4 28.
Qxd8+ Kxd8 29. Nxb7+ Kc7 30. Rc1 Kxb7 31. Rxc4 g5 32. Ne1 Rd8 33. g4 c5 34. Nf3
cxd4 35. Nxd4 Bc5 36. Nf3 Be7 37. Kg2 Rd3 38. Rd4 Rxd4 39. Nxd4 Bc5 40. Nf3 h6
41. h4 gxh4 42. Nxh4 Kc6 43. Nf3 Kd5 44. Kg3 Bd4 45. Nd2 Bxe5+ 46. f4 Bd4 47.
Nc4 f6 48. Kf3 f5 49. g5 hxg5 50. fxg5 e5 51. Kg3 Ke6 52. a5 Bc5 53. Kf3 Be7
54. g6 Bf8 55. Kg3 e4 56. Ne3 Bh6 57. Kf2 Bxe3+ 58. Kxe3 Kf6 59. g7 Kxg7 60.
Kf4 Kf6 61. Ke3 Ke5 62. Ke2 Kd4 63. Kf2 e3+ 64. Ke2 Kc3 65. Kd1 Kd3 66. Ke1 e2
67. Kf2 Kd2 68. Kf3 e1=Q 69. Kf4 Qe6 70. Kg5 Ke3 71. Kh4 Qg6 72. Kh3 Qg1 73.
Kh4 73... Qg4# {Hossa checkmated} 0-1

[Event "ICS rated blitz match"]
[Site "204.178.125.65"]
[Date "1999.07.31"]
[Round "?"]
[White "Hossa"]
[Black "libertad"]
[Result "1-0"]
[WhiteElo "2422"]
[BlackElo "2413"]
[PlyCount "47"]
[EventDate "1999.??.??"]

1. d4 d5 2. c4 Nf6 3. cxd5 Nxd5 4. e4 Nf6 5. e5 Nfd7 6. Bd3 e6 7. Bf4 Nc6 8.
Be4 Be7 9. Bxc6 bxc6 10. Qg4 O-O 11. Bh6 Bb4+ 12. Nc3 g6 13. Bxf8 Qxf8 14. Nge2
Qg7 15. O-O Ba6 16. Rac1 Rf8 17. Ne4 f5 18. exf6 Nxf6 19. Qxe6+ Kh8 20. Nxf6
Rxf6 21. Qe3 Bd6 22. Rfe1 g5 23. b3 Qh6 24. Ng3 {libertad resigns} 1-0

[Event "ICS rated blitz match"]
[Site "204.178.125.65"]
[Date "1999.07.31"]
[Round "?"]
[White "Hossa"]
[Black "Secret"]
[Result "0-1"]
[WhiteElo "2455"]
[BlackElo "2496"]
[PlyCount "110"]
[EventDate "1999.??.??"]

1. d4 d5 2. c4 e6 3. Nc3 Nf6 4. cxd5 Nxd5 5. e4 Nxc3 6. bxc3 c5 7. Nf3 cxd4 8.
cxd4 Bb4+ 9. Bd2 Bxd2+ 10. Qxd2 O-O 11. Bc4 Nc6 12. O-O b6 13. Rac1 Bb7 14. d5
Na5 15. dxe6 Nxc4 16. Qxd8 Rfxd8 17. exf7+ Kxf7 18. Rxc4 Rac8 19. Rxc8 Rxc8 20.
Re1 Rc2 21. a3 Rc3 22. Re3 Rxe3 23. fxe3 Kf6 24. e5+ Kf5 25. Kf2 h6 26. g4+ Ke6
27. h4 a6 28. Nd2 b5 29. Nb3 Kxe5 30. Nc5 Bc8 31. Kf3 g5 32. hxg5 hxg5 33. Nb3
Bb7+ 34. Kg3 Bd5 35. Nd4 Ke4 36. Nf5 Bc4 37. Kf2 Be6 38. Ng3+ Ke5 39. Kf3 a5
40. Ne2 b4 41. axb4 axb4 42. Kg3 Ke4 43. Kf2 Bc4 44. Nd4 b3 45. Nf3 Kd3 46. Ke1
b2 47. Nd2 Kc2 48. e4 Bd3 49. e5 Bc4 50. Nxc4 b1=Q+ 51. Kf2 Kd3 52. Nd6 Qb2+
53. Kg1 Ke2 54. Nf5 Kf3 55. Ng3 55... Qg2# {Hossa checkmated} 0-1

[Event "ICS rated blitz match"]
[Site "204.178.125.65"]
[Date "1999.07.31"]
[Round "?"]
[White "Secret"]
[Black "Hossa"]
[Result "1-0"]
[WhiteElo "2510"]
[BlackElo "2441"]
[PlyCount "126"]
[EventDate "1999.??.??"]

1. e4 e5 2. Nf3 Nf6 3. d4 exd4 4. e5 Ne4 5. Qxd4 f5 6. exf6 Nxf6 7. Bd3 Nc6 8.
Qh4 Nb4 9. Be3 Nxd3+ 10. cxd3 Be7 11. Nc3 O-O 12. Ng5 d5 13. O-O-O c5 14. d4
cxd4 15. Qxd4 Qc7 16. Kb1 Bf5+ 17. Ka1 Rfd8 18. f4 h6 19. Nf3 Bg4 20. Rhf1 Rac8
21. Qxa7 Ra8 22. Qb6 Qc8 23. h3 Ra6 24. Qb3 Be6 25. Nd4 Bf7 26. Rc1 Qb8 27. Nf5
Bd6 28. Qb5 Kh8 29. h4 Bc7 30. a3 Be6 31. Nd4 Bg4 32. f5 Ra5 33. Qd3 Be5 34.
Ne6 Rc8 35. Bd2 Rc4 36. Ka2 Bh5 37. Rh1 Be8 38. Ne2 Bb5 39. Qh3 Raa4 40. Nc3
Rxh4 41. Qxh4 Rxh4 42. Rxh4 Bd3 43. Bxh6 gxh6 44. Rxh6+ Nh7 45. g4 d4 46. Nd5
Bg7 47. Rh3 Be4 48. Ne7 Bf6 49. Rc8+ Qxc8 50. Nxc8 Kg8 51. Nc5 Bg2 52. Rh6 Kg7
53. Rg6+ Kh8 54. Nd6 Bd5+ 55. b3 Be7 56. Ndxb7 d3 57. Kb2 Bf3 58. Kc3 Nf6 59.
g5 Ne4+ 60. Nxe4 Bxe4 61. Nd6 Bxd6 62. Rxd6 Bxf5 63. Rxd3 63... Kg7 {
Hossa resigns} 1-0

[Event "ICS Rated blitz match"]
[Site "204.178.125.65"]
[Date "1999.07.31"]
[Round "?"]
[White "Hossa"]
[Black "occam"]
[Result "0-1"]
[WhiteElo "2428"]
[BlackElo "2473"]
[PlyCount "150"]
[EventDate "1999.??.??"]

1. d4 Nf6 2. c4 e6 3. Nc3 d5 4. Bf4 Nc6 5. e3 Bb4 6. Bg5 O-O 7. cxd5 exd5 8.
Qf3 Bxc3+ 9. bxc3 Be6 10. Bd3 h6 11. Bxf6 Qxf6 12. Qxf6 gxf6 13. Ne2 Kh8 14.
Rb1 Rab8 15. O-O Ne7 16. Nf4 Rfc8 17. Rb5 c6 18. Ra5 Ra8 19. Nh5 f5 20. Rb1
Rcb8 21. Ra3 Nc8 22. Rab3 Nd6 23. Ba6 b6 24. f3 b5 25. a4 Nc4 26. Rb4 Nxe3 27.
axb5 Rb6 28. Nf4 Re8 29. R4b3 Nc4 30. Ra1 Reb8 31. Rbb1 cxb5 32. Rb4 Kg8 33.
Kh1 Nd6 34. Ra5 Kg7 35. Rb1 b4 36. cxb4 Rxb4 37. Rxb4 Rxb4 38. Ne2 Rb1+ 39. Ng1
Kf8 40. Ra3 Ke8 41. Bd3 Rb7 42. Ne2 Kd8 43. Ra2 Kc7 44. Nf4 Kb8 45. Re2 Nb5 46.
Nxe6 fxe6 47. Rxe6 Nxd4 48. Rxh6 Rb3 49. Bf1 Ne2 50. g4 Nd4 51. Rh8+ Kc7 52.
Rh3 Kd6 53. Kg2 Ne6 54. Rh6 Rb2+ 55. Kh1 fxg4 56. fxg4 a5 57. g5 Ke5 58. g6 a4
59. Rh3 d4 60. Rf3 Rb3 61. Rxb3 axb3 62. h4 Ke4 63. Bc4 b2 64. Ba2 d3 65. Bb1
Kd4 66. Kh2 d2 67. Bc2 Kc3 68. Bd1 b1=Q 69. g7 Nxg7 70. Bg4 Qe4 71. Kg3 Nf5+
72. Bxf5 Qe5+ 73. Kg2 d1=Q 74. Bb1 Qde2+ 75. Kh3 75... Q5h2# {Hossa checkmated}
0-1

[Event "ICS Rated blitz match"]
[Site "204.178.125.65"]
[Date "1999.07.31"]
[Round "?"]
[White "Florina"]
[Black "Hossa"]
[Result "0-1"]
[WhiteElo "2014"]
[BlackElo "2414"]
[PlyCount "126"]
[EventDate "1999.??.??"]

1. e4 e5 2. Nf3 Nf6 3. Nxe5 Nxe4 4. Qe2 d5 5. d3 Qe7 6. dxe4 Qxe5 7. exd5 Bd6
8. Nc3 O-O 9. Qxe5 Bxe5 10. Bd2 Bxc3 11. Bxc3 Re8+ 12. Kd2 Rd8 13. Bc4 c6 14.
Rad1 cxd5 15. Bb3 Nc6 16. Kc1 Be6 17. Bd4 b5 18. c3 b4 19. f3 Rac8 20. Kb1 bxc3
21. Bxc3 d4 22. Bxe6 fxe6 23. Bd2 e5 24. Rhe1 Rd7 25. f4 Re7 26. fxe5 Rxe5 27.
Rxe5 Nxe5 28. Bf4 Nc6 29. Rc1 Kf7 30. b3 Kf6 31. h3 Kf5 32. Bg3 d3 33. Rc5+ Ke4
34. Kc1 Ke3 35. Kd1 g6 36. Rc3 Ne7 37. Rxc8 Nxc8 38. Be1 Nd6 39. Bd2+ Kf2 40.
Bb4 Ne4 41. g4 Ke3 42. Ba5 d2 43. Bxd2+ Nxd2 44. b4 Ne4 45. a3 Nf2+ 46. Kc2
Nxh3 47. a4 Kd4 48. Kb3 Nf2 49. b5 Kc5 50. Kc3 Nxg4 51. Kd3 Kb4 52. Ke4 Kxa4
53. Kf4 Kxb5 54. Kxg4 h5+ 55. Kg5 h4 56. Kxh4 a5 57. Kg5 a4 58. Kxg6 Kc4 59.
Kg5 Kd4 60. Kf5 a3 61. Ke6 a2 62. Kd6 a1=Q 63. Kc6 63... Ke5 {Florina resigns}
0-1

[Event "ICS rated blitz match"]
[Site "204.178.125.65"]
[Date "1999.07.31"]
[Round "?"]
[White "libertad"]
[Black "Hossa"]
[Result "0-1"]
[WhiteElo "2361"]
[BlackElo "2417"]
[PlyCount "86"]
[EventDate "1999.??.??"]

1. e4 e5 2. f4 exf4 3. Nf3 Bb4 4. Nc3 Ne7 5. a3 Bxc3 6. dxc3 Ng6 7. h4 Qe7 8.
h5 Qxe4+ 9. Qe2 Qxe2+ 10. Bxe2 Nf8 11. h6 Rg8 12. hxg7 Rxg7 13. Bxf4 Ne6 14.
Be3 Rxg2 15. Rxh7 d5 16. Rh8+ Nf8 17. Ne5 Bf5 18. Kf1 Rxe2 19. Kxe2 Nbd7 20.
Nxd7 Kxd7 21. Rf1 Bg6 22. Bc5 Re8+ 23. Kd2 Ne6 24. Rxe8 Kxe8 25. Bxa7 b6 26.
Rf2 Kd7 27. Rh2 Ng5 28. Rh8 Nf3+ 29. Kd1 Ne5 30. b3 Kc6 31. Re8 Nd7 32. c4 dxc4
33. Re7 cxb3 34. cxb3 f6 35. Kd2 Bf5 36. Ke3 Bc2 37. b4 Ba4 38. Kd4 Kb7 39.
Bxb6 cxb6 40. Kd5 Kc7 41. Ke6 Bb3+ 42. Kf5 b5 43. Rh7 43... Bc2+ {
libertad resigns} 0-1

[Event "ICS rated blitz match"]
[Site "204.178.125.65"]
[Date "1999.07.31"]
[Round "?"]
[White "Hossa"]
[Black "populio"]
[Result "1-0"]
[WhiteElo "2430"]
[BlackElo "2211"]
[PlyCount "69"]
[EventDate "1999.??.??"]

1. d4 Nf6 2. c4 g6 3. Nc3 Bg7 4. e4 d6 5. f3 O-O 6. Be3 c6 7. Qd2 e5 8. Nge2
Nh5 9. O-O-O Qe7 10. Bh6 Nd7 11. g4 Nf4 12. Bxf4 exf4 13. h4 a5 14. Nxf4 a4 15.
h5 a3 16. b4 Nb6 17. c5 dxc5 18. bxc5 Na4 19. hxg6 fxg6 20. Bc4+ Rf7 21. Qh2 h5
22. Nxa4 Rxa4 23. Bxf7+ Qxf7 24. gxh5 Bh6 25. hxg6 Qxf4+ 26. Qxf4 Bxf4+ 27. Kc2
Be6 28. d5 cxd5 29. exd5 Bf5+ 30. Kb3 Ra5 31. Kb4 Ra8 32. Rh7 Bxg6 33. Rxb7 Be3
34. c6 Bf4 35. Rg1 {populio resigns} 1-0

[Event "ICS rated blitz match"]
[Site "204.178.125.65"]
[Date "1999.07.31"]
[Round "?"]
[White "populio"]
[Black "Hossa"]
[Result "1-0"]
[WhiteElo "2185"]
[BlackElo "2432"]
[PlyCount "49"]
[EventDate "1999.??.??"]

1. e4 e5 2. Nf3 Nf6 3. Nxe5 Nxe4 4. Nc3 Nxc3 5. dxc3 Qe7 6. Qe2 Qe6 7. Nd3 Bd6
8. Bf4 O-O 9. O-O-O Qxa2 10. Bxd6 cxd6 11. Qg4 Re8 12. Nf4 Qa4 13. Bd3 Nc6 14.
Qf5 g6 15. Qf6 Qa1+ 16. Kd2 Qxb2 17. Rhe1 Re6 18. Nxe6 fxe6 19. Bxg6 hxg6 20.
Re4 Ne5 21. Rh4 Nf7 22. Qxg6+ Kf8 23. Rf4 Ke8 24. Qg8+ Ke7 25. Rxf7# {
Hossa checkmated} 1-0

[Event "ICS rated blitz match"]
[Site "204.178.125.65"]
[Date "1999.07.31"]
[Round "?"]
[White "Hossa"]
[Black "populio"]
[Result "1-0"]
[WhiteElo "2422"]
[BlackElo "2254"]
[PlyCount "69"]
[EventDate "1999.??.??"]

1. d4 g6 2. c4 Bg7 3. e4 d6 4. Nc3 Nf6 5. f3 O-O 6. Bg5 h6 7. Be3 e5 8. Nge2
exd4 9. Nxd4 Nc6 10. Be2 a5 11. Nxc6 bxc6 12. O-O Kh7 13. Qd2 Ba6 14. Rad1 Qe7
15. b3 Nd7 16. Bd4 f6 17. Bd3 Ne5 18. Bb1 Bc8 19. f4 Nf7 20. Na4 f5 21. Bxg7
Kxg7 22. exf5 Bxf5 23. Bxf5 gxf5 24. Qc3+ Qf6 25. Qf3 c5 26. Nc3 Nd8 27. Nd5
Qf7 28. Nxc7 Ra7 29. Nb5 Re7 30. Nxd6 Qe6 31. Qc3+ Kh7 32. Qxa5 Qe3+ 33. Kh1
Rg7 34. Rde1 Qd2 35. Qxd2 {populio resigns} 1-0

[Event "ICS rated blitz match"]
[Site "204.178.125.65"]
[Date "1999.07.31"]
[Round "?"]
[White "populio"]
[Black "Hossa"]
[Result "0-1"]
[WhiteElo "2228"]
[BlackElo "2426"]
[PlyCount "118"]
[EventDate "1999.??.??"]

1. e4 e5 2. Nf3 Nf6 3. Nxe5 Nxe4 4. Nc3 Nxc3 5. dxc3 Qe7 6. Qe2 d6 7. Nd3 Be6
8. Be3 Nc6 9. g3 Bd5 10. Rg1 O-O-O 11. b3 Qf6 12. Qd2 Bf3 13. Bg2 Bxg2 14. Rxg2
Qf3 15. Kf1 Re8 16. Qe2 Qxe2+ 17. Kxe2 g6 18. Kd2 Bg7 19. f4 Bxc3+ 20. Kxc3
Rxe3 21. Kd2 Re4 22. Re1 Rxe1 23. Nxe1 Re8 24. Re2 Rxe2+ 25. Kxe2 b5 26. c3 a5
27. Kd3 f5 28. Nf3 Kd7 29. Ng5 h5 30. a4 bxa4 31. bxa4 Nd8 32. Nf3 Ne6 33. Nh4
Nc5+ 34. Kc4 Nxa4 35. Nxg6 Nb6+ 36. Kb3 a4+ 37. Kb4 Nd5+ 38. Kxa4 Nxc3+ 39. Kb3
Ne4 40. Nf8+ Ke7 41. Ng6+ Kf6 42. Nh4 d5 43. Nf3 c5 44. Ne5 c4+ 45. Kc2 Ke6 46.
Nf3 Kd6 47. Nd4 Kc5 48. Nxf5 d4 49. Nh4 d3+ 50. Kd1 c3 51. Nf3 Nf2+ 52. Kc1 Kb4
53. f5 Ne4 54. h3 Nxg3 55. f6 Ne2+ 56. Kd1 c2+ 57. Kd2 c1=Q+ 58. Kxd3 Ng3 59.
f7 59... Qc3# {populio checkmated} 0-1

[Event "ICS rated blitz match"]
[Site "204.178.125.65"]
[Date "1999.07.31"]
[Round "?"]
[White "Hossa"]
[Black "Secret"]
[Result "0-1"]
[WhiteElo "2430"]
[BlackElo "2525"]
[PlyCount "117"]
[EventDate "1999.??.??"]

1. d4 d5 2. c4 c6 3. Nc3 Nf6 4. cxd5 cxd5 5. f3 Nc6 6. e4 e6 7. e5 Nd7 8. f4
Nb6 9. Nf3 Be7 10. Bd3 Nb4 11. O-O Nxd3 12. Qxd3 Bd7 13. Be3 Nc4 14. b3 Nxe3
15. Qxe3 Qa5 16. Rac1 Rc8 17. a4 Ba3 18. Rc2 Qb6 19. Nd2 O-O 20. Ra1 Bb4 21.
Rac1 Rc6 22. Qd3 Rfc8 23. Qe3 Ba3 24. Re1 Be8 25. Kh1 Qa5 26. Ndb1 Qb4 27. Qd3
Qxb3 28. Re3 Bb4 29. Kg1 Qc4 30. Qd1 R6c7 31. Rb2 g6 32. Ne2 Ba5 33. Nbc3 Qa6
34. Nb5 Bxb5 35. axb5 Qb6 36. Ra3 Rc4 37. Rba2 Bb4 38. Rxa7 Qxb5 39. Ra8 Qe8
40. R8a7 b5 41. Qd3 Be7 42. Qh3 b4 43. Rb7 Rc2 44. Qb3 R2c7 45. Rb6 Qd7 46.
Rba6 Qb5 47. Qd1 b3 48. R2a5 Qc4 49. Rb6 Qc2 50. Qe1 b2 51. Ra2 Qe4 52. Rbxb2
Rc1 53. Ra1 Rxe1+ 54. Rxe1 Ba3 55. Rbb1 Rc2 56. Rb8+ Kg7 57. Kf1 Bc1 58. Ra8
Bxf4 59. Ra3 {Hossa resigns} 0-1

[Event "ICS rated blitz match"]
[Site "204.178.125.65"]
[Date "1999.07.31"]
[Round "?"]
[White "fidelito"]
[Black "Hossa"]
[Result "0-1"]
[WhiteElo "2194"]
[BlackElo "2418"]
[PlyCount "76"]
[EventDate "1999.??.??"]

1. e4 e5 2. Nf3 Nf6 3. Nc3 Bb4 4. Bc4 d6 5. d3 d5 6. exd5 Nxd5 7. Bd2 Bxc3 8.
bxc3 Bg4 9. h3 Bxf3 10. Qxf3 c6 11. Rb1 Qd7 12. O-O O-O 13. Rfe1 Nb6 14. Bb3 c5
15. Bg5 Nc6 16. Qg3 Kh8 17. Rbd1 f6 18. Be3 Qe7 19. f4 Rac8 20. fxe5 fxe5 21.
Bg5 Qd6 22. Re4 Rf5 23. Rde1 Rcf8 24. Kh2 Rf2 25. R1e2 Rxe2 26. Rxe2 c4 27.
dxc4 Rf1 28. Rf2 Qd1 29. Rxf1 Qxf1 30. c5 Nd7 31. Qg4 Nf8 32. Qc8 Na5 33. Bd5
e4 34. Qe8 Qf5 35. Be7 Qxd5 36. Qxf8+ Qg8 37. Qf4 Nc6 38. Qxe4 38... Qe8 {
fidelito resigns} 0-1

[Event "ICS rated blitz match"]
[Site "204.178.125.65"]
[Date "1999.07.31"]
[Round "?"]
[White "Hossa"]
[Black "PostModernist"]
[Result "1-0"]
[WhiteElo "2425"]
[BlackElo "2575"]
[PlyCount "165"]
[EventDate "1999.??.??"]

1. d4 Nf6 2. c4 g6 3. Nc3 d5 4. cxd5 Nxd5 5. e4 Nxc3 6. bxc3 Bg7 7. Bb5+ c6 8.
Bc4 c5 9. Ne2 Nc6 10. d5 Ne5 11. Bb5+ Bd7 12. Bxd7+ Qxd7 13. O-O O-O 14. Rb1 b6
15. f4 Nc4 16. f5 Nd6 17. Qc2 gxf5 18. exf5 Nc4 19. Qe4 Nd6 20. Qg4 Ne8 21. c4
Nf6 22. Qh4 Qa4 23. Nc3 Qc2 24. Bb2 Rad8 25. Qg3 Nh5 26. Qg5 Nf6 27. Rfe1 h6
28. Qg3 Nh5 29. Qg4 Nf6 30. Qf3 Qd2 31. Rxe7 Qd4+ 32. Kh1 Qxc4 33. Rxa7 Qg4 34.
Rg1 Kh7 35. Qd3 c4 36. Qb1 Qf4 37. Rf1 Qd4 38. a4 Bh8 39. Ne2 Qxd5 40. Nf4 Qd6
41. Bxf6 Qxf6 42. Ne6 Bg7 43. Nxf8+ Bxf8 44. Rc7 Rd4 45. Rc1 Bc5 46. a5 Rh4 47.
g3 Rd4 48. axb6 Bxb6 49. R7xc4 Rd6 50. Qe4 Bd8 51. g4 Qg7 52. Re1 Bh4 53. Re2
Qa1+ 54. Kg2 Qf6 55. Rc7 Kg7 56. Rc8 Qg5 57. Qe5+ Qf6 58. Qe8 Rd8 59. Rxd8 Qxd8
60. Qe4 Bf6 61. h3 Qd6 62. Qe8 Qd5+ 63. Kg3 h5 64. Re3 Qd1 65. gxh5 Qxh5 66.
Qe4 Qh6 67. Kg2 Bh4 68. Kf1 Kg8 69. Rc3 Bg5 70. Rg3 Kf8 71. Qb4+ Kg7 72. h4
Qa6+ 73. Kg1 Qa1+ 74. Kg2 Qa8+ 75. Kh2 Kh7 76. Rxg5 Qa2+ 77. Rg2 Qa7 78. Qg4
Qc7+ 79. Rg3 Qxg3+ 80. Kxg3 f6 81. h5 Kh8 82. h6 Kh7 83. Qg7# {
PostModernist checkmated} 1-0

[Event "ICS rated blitz match"]
[Site "204.178.125.65"]
[Date "1999.07.31"]
[Round "?"]
[White "Hossa"]
[Black "PostModernist"]
[Result "0-1"]
[WhiteElo "2448"]
[BlackElo "2555"]
[PlyCount "58"]
[EventDate "1999.??.??"]

1. d4 Nf6 2. c4 e6 3. Nc3 Bb4 4. Bg5 c5 5. Bxf6 Qxf6 6. e3 cxd4 7. Qxd4 Qg6 8.
Nge2 Nc6 9. Qd1 O-O 10. a3 Ne5 11. e4 Ba5 12. b4 Bc7 13. Nb5 Bb8 14. Ng3 Ng4
15. Qf3 d5 16. cxd5 exd5 17. exd5 Re8+ 18. Kd2 Qb6 19. Re1 Qh6+ 20. Kd1 Rxe1+
21. Kxe1 Qc1+ 22. Ke2 Bd7 23. Nd4 Bf4 24. Qb3 Qd2+ 25. Kf3 Qxf2+ 26. Ke4 Re8+
27. Ne6 Nf6+ 28. Kd3 Bb5+ 29. Qc4 29... Qd2# {Hossa checkmated} 0-1

[Event "ICS rated blitz match"]
[Site "204.178.125.65"]
[Date "1999.07.31"]
[Round "?"]
[White "Amateur"]
[Black "Hossa"]
[Result "1-0"]
[WhiteElo "2513"]
[BlackElo "2437"]
[PlyCount "119"]
[EventDate "1999.??.??"]

1. e4 e5 2. Nf3 Nf6 3. Nc3 Bb4 4. Nxe5 Qe7 5. Ng4 Bxc3 6. dxc3 Nxe4 7. Be2 O-O
8. O-O Re8 9. Re1 d6 10. Bf3 Bxg4 11. Bxg4 Qh4 12. g3 Qd8 13. Bf3 Nc5 14. b4
Ne6 15. Bxb7 Nd7 16. Bxa8 Qxa8 17. f4 d5 18. c4 c6 19. cxd5 cxd5 20. f5 Nef8
21. Bb2 Rxe1+ 22. Qxe1 f6 23. Bd4 Qc6 24. Qc3 Qb7 25. Re1 Nb6 26. Bxb6 axb6 27.
Rd1 Kh8 28. Qb3 Qe7 29. Kf2 Qe4 30. Rxd5 Qh1 31. h4 Qh2+ 32. Ke1 Qg1+ 33. Kd2
Qf2+ 34. Kc1 Qe1+ 35. Kb2 Qe2 36. a4 Qe7 37. a5 bxa5 38. Rxa5 Qe4 39. c4 Kg8
40. Rd5 Qg2+ 41. Ka3 Qe2 42. c5 Qa6+ 43. Kb2 Kh8 44. b5 Qc8 45. c6 Qe8 46. b6
Qe2+ 47. Qc2 Qa6 48. Qc5 Qe2+ 49. Kc1 Kg8 50. c7 Qe1+ 51. Rd1 Qe5 52. Qc4+ Kh8
53. c8=Q Qe7 54. b7 Qa3+ 55. Kc2 g6 56. b8=Q Kg7 57. Qcb7+ Kh8 58. Rd7 Qb2+ 59.
Qxb2 gxf5 60. Qxf8# {Hossa checkmated} 1-0

[Event "ICS rated blitz match"]
[Site "204.178.125.65"]
[Date "1999.07.31"]
[Round "?"]
[White "pully"]
[Black "Hossa"]
[Result "0-1"]
[WhiteElo "2055"]
[BlackElo "2427"]
[PlyCount "73"]
[EventDate "1999.??.??"]

1. d4 e6 2. c4 d5 3. Nf3 c5 4. e3 Nf6 5. Nc3 cxd4 6. exd4 Bb4 7. Bd2 O-O 8. a3
Bxc3 9. Bxc3 Ne4 10. cxd5 Nxc3 11. bxc3 exd5 12. Be2 Qc7 13. O-O Qxc3 14. Bd3
Nc6 15. Rc1 Qxa3 16. Re1 Qd6 17. Re3 Nb4 18. Bb1 Qf4 19. g3 Qd6 20. Qe1 f6 21.
Re7 Nc6 22. Re3 Bg4 23. Nd2 Nxd4 24. Rd3 Ne2+ 25. Kg2 Rae8 26. Re3 Rxe3 27.
fxe3 Nxc1 28. Qxc1 Rc8 29. Qb2 Qa6 30. Nf1 Bh3+ 31. Kxh3 Qxf1+ 32. Kh4 g5+ 33.
Kg4 h5+ 34. Kxh5 Qh3+ 35. Kg6 Qh7+ 36. Kxf6 Qg7+ 37. Ke6 {pully resigns} 0-1

[Event "ICS rated blitz match"]
[Site "204.178.125.65"]
[Date "1999.07.31"]
[Round "?"]
[White "Hossa"]
[Black "pully"]
[Result "1-0"]
[WhiteElo "2430"]
[BlackElo "2052"]
[PlyCount "93"]
[EventDate "1999.??.??"]

1. d4 Nf6 2. c4 c5 3. d5 b5 4. cxb5 a6 5. f3 d6 6. e4 g6 7. bxa6 Bxa6 8. Bxa6
Nxa6 9. Ne2 Bg7 10. Nbc3 O-O 11. O-O Qb6 12. Na4 Qb7 13. Bg5 h6 14. Bxf6 Bxf6
15. Qd2 Kh7 16. Kh1 Rfb8 17. Rac1 Nb4 18. b3 Qa6 19. Nf4 Rb7 20. a3 g5 21. axb4
gxf4 22. Qc2 Rxb4 23. e5+ Kg7 24. exf6+ exf6 25. Nc3 Rab8 26. Qf5 Qc8 27. Qxc8
Rxc8 28. Rb1 Rcb8 29. Ne4 R8b6 30. Nd2 Rd4 31. Nc4 Ra6 32. Rfd1 Rxd1+ 33. Rxd1
f5 34. Kg1 Kf6 35. Rb1 Ke7 36. b4 cxb4 37. Rxb4 Ra1+ 38. Kf2 Rd1 39. Rb7+ Kf6
40. Rd7 Rc1 41. Rxd6+ Kg7 42. Nd2 Rc2 43. Ke2 Ra2 44. Rc6 h5 45. d6 Kf8 46.
Rc8+ Kg7 47. d7 {pully resigns} 1-0